Music Quiz

Random Music or Missing Word Quiz
Score 0/24 Timer 06:00
1 Play Today
­čí│ it's this! ­čí░ missing word ­čí▓ % Correct
Led Zeppelin claim
DAYS
Dancing
91%
The Ohio Players claim
ROLLERCOASTER
Love
91%
Neville Brothers claim
MOON
Yellow
90.3%
Michael Jackson claims
CRIMINAL
Smooth
88.4%
Coldplay claim
LA VIDA
Viva
86.6%
Mark Ronson claims
FUNK
Uptown
84.7%
Culture Club claim
CHAMELEON
Karma
83.8%
Ram Jam claim
BETTY
Black
81.8%
Smash Mouth claim
STAR
All
81.2%
The Clash claim
RIOT
White
80.1%
Leonard Cohen claims
KNOWS
Everybody
77.7%
Cyndi Lauper claims
COLORS
True
71.8%
­čí│ it's this! ­čí░ missing word ­čí▓ % Correct
James Brown claims
TRAIN
Night
63.6%
Mike Oldfield claims
SHADOW
Moonlight
61.6%
Bruce Springsteen claims
DAYS
Glory
61.1%
Pink Floyd claim
YOU
Hey
58.8%
Eagles claim
DEAN
James
53.7%
Alphaville claim
YOUNG
Forever
38.9%
Lou Reed claims
DAY
Perfect
38.8%
Pearl Jam claim
MOSQUITO
Red
34.6%
U2 claim
LOVE
Ordinary
28%
Madonna claims
SHOP
Candy
24.7%
Smokey Robinson claims
STORM
Quiet
24%
Elton John claims
SUNSET
Indian
17.8%

You're not logged in!

Compare scores with friends on all Sporcle quizzes.
OR
Log In

Sporcle TV

Today on Sporcle TV


Watch our educational content, quiz creation guides, and fun videos on Sporcle TV.

Show Comments

Extras

Top Quizzes Today


Score Distribution

Paid Content

Your Account Isn't Verified!

In order to create a playlist on Sporcle, you need to verify the email address you used during registration. Go to your Sporcle Settings to finish the process.

Report this User

Report this user for behavior that violates our Community Guidelines.

Details: